| 000 | 00508nam a2200169 i 4500 | ||
|---|---|---|---|
| 001 | 32778 | ||
| 003 | ES-MaACL | ||
| 005 | 20230906154631.0 | ||
| 007 | t| | ||
| 008 | 030131s1969 sp ||||1| spa d | ||
| 100 | 1 |
_aBent, Charles N. _927781 |
|
| 245 | 1 | 3 |
_aEl movimiento de la muerte de Dios / _cpor Charles N. Bent ; [traducción de Antonio Diego]. |
| 260 |
_aSantander : _bSal Terrae, _c[1969] |
||
| 300 |
_a222 p. ; _c22 cm. |
||
| 700 | 1 |
_aDiego, Antonio. _944536 |
|
| 852 |
_aES-MaACL _jC-36773 _bR.71103 |
||
| 999 |
_c32778 _d32778 |
||